000 00897nam a22002657a 4500
001 1509
003 CO-MdFUSB
005 20180622072716.0
008 170406t1958 a ||||| |||| 00| 0 s d
040 _aCO-MdFUSB
_bspa
_cCO-MdFUSB
_dCO-MdFUSBC
_erda
041 0 _aspa
082 0 4 _aG 209 T7564h
100 1 _aToynbee, Arnold J. (Joseph) (1889-1975)
_eautor
245 3 _aEl historiador y la religión
_c / Arnold J. Toynbee; Alberto Luis Bixio, Traductor
264 4 _aBuenos Aires, Argentina :
_b Emecé,
_c©1958
300 _a314 Pag.
336 _2rdacontent
_a1
_ba1
337 _2rdamedia
_a2
_b5
338 _2rdacarrier
_a2
_b5
500 _aTítulo original : An historian's approach to religion
505 0 0 _ael nacimiento de las religiones superiores -- la religión en un mundo occidentalizado
650 7 _aReligión
_9385
650 7 _aCivilización
_928
_xHistoria
942 _cBK
999 _c32829
_d32829